00554nam a2200181Ia 450000500170000000800460001703700120006304000200007504100130009508400230010810000160013124500200014726000460016730000090021394200230022299900210024595201060026620250508150717.0008 250505s9999 xx 000 0 eng d aTextual aFEDLbengcFEDL aeng2eng a294.592, SHAqFEDL aSharvananda 0aAitareyopanisad aMadras, IndiabSri Ramakrishna Mathc1944 a80p. cTEXLh294.592, SHA c1325195d1325195 00104070aFEDLbFEDLd2025-05-08l0o294.592, SHApEL0004581r2025-05-08 15:07:17w2025-05-08yTEXL